| 000 | 00963cam a2200277M 4500 | ||
|---|---|---|---|
| 005 | 20140710100754.0 | ||
| 008 | 140710s1985 sp fr 000 0 spa d | ||
| 020 | _a8437505089 | ||
| 020 | _a9788437505084 | ||
| 040 |
_aCO-BoUCM _bspa _cJose A. Gerena _dJose A. Gerena |
||
| 041 | 1 | _aspa | |
| 100 | 1 |
_aAttali, Jacques _962774 |
|
| 245 | 1 | 0 |
_aHistorias del tiempo _cJacques Attali ; traducción de José Barrales Valladares |
| 260 |
_aMadrid (España) _bFondo de Cultura Económica _c1985 |
||
| 300 | _a287 páginas | ||
| 504 | _aIncluye referencias bibliográficas | ||
| 650 | 7 |
_aTiempo _xMediciones _98159 |
|
| 650 | 7 |
_aCalendarios _xHistoria _910305 |
|
| 650 | 7 |
_aRelojes _923532 |
|
| 650 | 7 |
_aCronología _xHistoria _97471 |
|
| 690 |
_942755 _aCiencias naturales |
||
| 700 | 1 |
_aBarrales Valladares, José _etraductor _962775 |
|
| 765 | _tHistories du temps | ||
| 942 |
_2DEWEY _a25 _cLIBRORESER _e1 _h529 _mA883 |
||
| 999 |
_c242228 _d242228 |
||